Top 25 Prince Edward Island Municipalities By Population (2021) - Statistics

General Stats
  • This quiz has been taken 7 times
    6 since last reset
  • The average score is 8 of 25
Answer Stats
Status Population Answer % Correct
City 38,809 Charlottetown
100%
City 16,001 Summerside
100%
Town 1,079 Souris
80%
Town 1,301 Alberton
60%
Town 788 Borden-Carleton
60%
Town 6,574 Cornwall
60%
Town 1,812 Kensington
60%
Town 10,927 Stratford
60%
Rural municipality 586 Brackley
40%
Town 876 O'Leary
40%
Town 744 Tignish
40%
Rural municipality 614 Clyde River
20%
Rural municipality 1,111 Kingston
20%
Rural municipality 1,196 Miltonvale Park
20%
Town 648 North Rustico
20%
Rural municipality 2,500 North Shore
20%
Town 7,883 Three Rivers
20%
Rural municipality 414 Wellington
20%
Rural municipality 1,687 Belfast
0%
Rural municipality 1,129 Central Prince
0%
Rural municipality 687 Eastern Kings
0%
Rural municipality 617 Lot 11 and Area
0%
Rural municipality 1,191 Malpeque Bay
0%
Rural municipality 992 Miscouche
0%
Rural municipality 3,473 West River
0%
No matching quizzes found
Score Distribution
Percent of People with Each Score
Percentile by Number Answered
Your Score History
You have not taken this quiz since the last reset